Southville International School and Colleges
Your cart is empty.
  • Cart
  • Lists
    Public lists Eva Luna New books Lux_list list_1
    Your lists Log in to create your own lists
  • Log in to your account
  • Your cookies
  • Search history
Southville International School and Colleges
  • Advanced search
  • Recent comments
  • Most popular
  • Libraries

Log in to your account

Log in with GOOGLE


If you do not have an external account, but do have a local account, you can still log in:

  1. Home
  2. MARC view: Why should I recycle?.
Normal view MARC view ISBD view

Why should I recycle?. (Record no. 109980)

[ view plain ]
MARC details
000 -LEADER
fixed length control field 00414nam a2200157 a 4500
001 - CONTROL NUMBER
control field 4140
005 - DATE AND TIME OF LATEST TRANSACTION
control field 20140414131847.0
008 - FIXED-LENGTH DATA ELEMENTS--GENERAL INFORMATION
fixed length control field 090218s19uu xx 00 eng d
020 ## - INTERNATIONAL STANDARD BOOK NUMBER
International Standard Book Number 0750236817
050 ## - LIBRARY OF CONGRESS CALL NUMBER
Classification number M 363.7
Item number G82 2004
100 ## - MAIN ENTRY--PERSONAL NAME
Personal name Green, Jen
245 ## - TITLE STATEMENT
Title Why should I recycle?.
260 ## - PUBLICATION, DISTRIBUTION, ETC. (IMPRINT)
Place of publication, distribution, etc London :
Name of publisher, distributor, etc Hodder Wayland,
Date of publication, distribution, etc 2002.
650 ## - SUBJECT ADDED ENTRY--TOPICAL TERM
Topical term or geographic name as entry element Recycling (Waste, etc)
General subdivision Juvenile literature
Holdings
Withdrawn status Lost status Damaged status Home library Current library Shelving location Date acquired Total Checkouts Full call number Barcode Date last seen Price effective from Koha item type
      Munich Library Munich Library Main Section 02/18/2009   M 363.7 G82 2004 M0186 04/14/2014 04/14/2014 Books

Why should I recycle?.

APA

Green J., . (2002). Why should I recycle?. London: Hodder Wayland.

Chicago

Green Jen, . 2002. Why should I recycle?. London: Hodder Wayland.

Harvard

Green J., . (2002). Why should I recycle?. London: Hodder Wayland.

MLA

Green Jen, . Why should I recycle?. London: Hodder Wayland. 2002.

  • Place hold
  • Print
  • Cite
  • Add to your cart (remove)
  • Save record
    BIBTEX Dublin Core MARCXML MARC (non-Unicode/MARC-8) MARC (Unicode/UTF-8) MARC (Unicode/UTF-8, Standard) MODS (XML) RIS
  • More searches
    Search for this title in:
    Other Libraries (WorldCat) Other Databases (Google Scholar) Online Stores (Bookfinder.com) Open Library (openlibrary.org)

Exporting to Dublin Core...

SOUTHVILLE LIBRARY

Southville International School and Colleges Library

1281 Tropical Ave. Cor. Luxembourg St., BF Homes International, Las Pinas City

Tel. No. 8256374 / 252358 Loc. 117/146

Powered by Koha